000 nam a22 7a 4500
999 _c10901
_d10901
008 180308b ||||| |||| 00| 0 eng d
100 _aJha,S.N.etal.
_96712
245 _aGoyals open text material with analysis Science-IX
260 _aNew Delhi
_bGoyal
_c2013